00487nam a22001457a 4500020001800000082001600018100001800034245005000052260004000102300000800142650001700150942000700167952015000174999001700324 a9789388162203 a342.087 EQB aEqbal, Afroze aThe Protection of Minorities and Human Rights aNew DelhibInnovative Imprintc2018 a232 aHuman rights cBK 001040708NFICaHMIbHMIcGENd2020-09-15eDasgupta Publishers, Kolkatag1499.00l1o342.087 EQBp25702r2022-01-31s2022-01-17w2020-09-17yBK c23019d23019